000
00269nam a2200121Ia 4500
008
190216s9999||||xx |||||||||||||| ||und||
100
_a
Sreedaran
245
0
_a
Ende Minikathakal
260
_b
Im Print Books Kollam
300
_a
61
650
_a
Kathakal
942
_c
BK
999
_c
27746
_d
27746